000 00438nam a2200145Ia 4500
008 210716s1991 xx 000 0 und d
020 _a0138519404
041 _aeng
082 _a658.802 URBG
100 _aUrban, Glen L; Star, Steven H.
245 _aAdvanced marketing strategy: phenomena, analysis and decisions.
_bPhenomena, analysis and decisions.
250 _a1
260 _aNew Jersey
_bPrentice Hall
_c1991
300 _axx,563
999 _c198575
_d198575